Statistiques concernant Quiz sur la Croatie

Cliquez ici pour prendre le quiz!

Statistiques générales

  • Ce quiz a été pris 6 297 fois
  • Le résultat moyen est 10 sur 20

Statistiques - réponses

QuestionRéponse% Correct
Capitale et ville la plus peupléeZagreb
98%
Pays avec lequel la Croatie partage sa plus longue frontièreBosnie-Herzégovine
80%
Pays auquel la Croatie appartenait entre 1918 et 1991Yougoslavie
79%
Mer qui borde la CroatieMer Adriatique
75%
Ville italienne qui contrôlait les côtes croates au Moyen-ÂgeVenise
70%
Footballeur croate qui a remporté le Ballon d'Or en 2018Luka Modrić
64%
Groupe ethnique qui inclut les Croates, les Ukrainiens et les PolonaisSlaves
62%
Deuxième plus grande villeSplit
62%
Péninsule sur laquelle la Croatie se situeBalkans
61%
Branche du christianisme la plus pratiquéeCatholicisme
60%
Ville connue pour ses remparts, qu'on appelait autrefois RaguseDubrovnik
57%
Région qui correspond à la moitié sud du paysD{almatie}
47%
Plus long fleuve du paysDanube
46%
Code à deux lettres pour la Croatie, dû au nom croate du paysHR
45%
Principale chaîne de montagnes{Alpes} Dinariques
39%
Le reste de la Croatie était dirigé par le roi de ce pays, de 1102 à 1527Hongrie
31%
Devise monétaire remplacée par l'euro en 2023Kuna
24%
Deux plus grandes îles (nommez-en une)Cres | Krk
15%
Empereur Romain qui a construit un palais dans celle-ciDioclétien
14%
Péninsule située au nord-ouest du paysIstrie
14%

Distribution des résultats

Percentile par nombre de réponses

% des personnes avec chaque résultat

Votre développement - résultats

Vous n’avez pas pris ce quiz